000 00701nam a2200229Ia 4500
003 OSt
005 20220923221651.0
006 a|||||r|||| 00| 0
007 ta
008 220922b |||||||| |||| 00| 0 hin d
024 _a199,178
037 _cTextual
040 _aARTS
_cARTS
_bhin
041 _2hin
_ahin
082 _aP3:(G), 152L3
100 _aभगवान सिंह
245 0 _aआर्य द्रविड़ भाषाआंे की मूलभूत एकता
246 _aĀrya draviड़ bhāṣhāāane kī mūlabhūt ekatā
260 _c1973
942 _hP3:(G), 152L3
_cTEXL
_2CC
999 _c350953
_d350953